[Event "Quebec Montcalm op 2 2012-13"]
[Site "Quebec"]
[Date "2012.11.08"]
[Round "5"]
[White "Ripoll, Arthur"]
[Black "Couture, Jean Sebastien"]
[Result "1-0"]
[WhiteElo "1555"]
[BlackElo "1431"]
[PlyCount "73"]
[EventDate "2012.10.11"]
[EventType "swiss"]
[EventRounds "5"]
[EventCountry "CAN"]
[SourceTitle "EXT 2022"]
[Source "ChessBase"]
[SourceDate "2021.10.06"]
[SourceVersion "1"]
[SourceVersionDate "2021.10.06"]
[SourceQuality "1"]

1. e4 d5 2. exd5 Qxd5 3. Nc3 Qd6 4. d4 Nf6 5. Nf3 a6 6. Bc4 b5 7. Bb3 Bb7 8. h3 e6 9. 0-0 Be7 10. Re1 0-0 11. Ne5 Nbd7 12. Bf4 Qb6 13. Qd3 c5 14. dxc5 Nxc5 15. Qe3 Rfe8 16. Rad1 Rad8 17. a3 Ncd7 18. Nxd7 Nxd7 19. Qxb6 Nxb6 20. Rxd8 Bxd8 21. Rd1 Bf6 22. Rd6 Nc4 23. Bxc4 bxc4 24. Rb6 Re7 25. Na4 e5 26. Be3 Rd7 27. Nc5 Rd1+ 28. Kh2 Bc8 29. Nxa6 Bf5 30. c3 h6 31. Nc5 Be7 32. a4 Re1 33. Nb7 Ra1 34. a5 Be4 35. a6 Rxa6 36. Rxa6 Bxb7 37. Ra7 1-0